|
|
|
|
| LEADER |
01354nam a2200373 4500 |
| 001 |
9781838678593 |
| 003 |
UtOrBLW |
| 005 |
20191015135049.0 |
| 006 |
m o d |
| 007 |
cr un||||||||| |
| 008 |
191018t20192019enk o 000 0 eng d |
| 020 |
|
|
|a 9781838678593 (ebook)
|
| 040 |
|
|
|a UtOrBLW
|b eng
|e rda
|c UtOrBLW
|d GrThAP
|
| 050 |
|
4 |
|a HG3891.5
|b .L44 2019
|
| 072 |
|
7 |
|a BUS035000
|2 bisacsh
|
| 072 |
|
7 |
|a KFF
|2 bicssc
|
| 080 |
|
|
|a 336
|
| 082 |
0 |
4 |
|a 336.3435
|2 23
|
| 245 |
0 |
0 |
|a Legal intermediation :
|b a processual approach to law and economic activity /
|c edited by Austin Sarat.
|
| 264 |
|
1 |
|a Bingley, U.K. :
|b Emerald Publishing Limited,
|c 2019.
|
| 264 |
|
4 |
|c ©2019
|
| 300 |
|
|
|a 1 online resource (x, 174 pages) ;
|c cm.
|
| 336 |
|
|
|a text
|b txt
|2 rdacontent
|
| 337 |
|
|
|a computer
|b c
|2 rdamedia
|
| 338 |
|
|
|a online resource
|b cr
|2 rdacarrier
|
| 490 |
1 |
|
|a Studies in law, politics, and society,
|x 1059-4337 ;
|v volume 81
|
| 588 |
0 |
|
|a Print version record.
|
| 650 |
|
0 |
|a Intermediation (Finance)
|
| 650 |
|
0 |
|a Law.
|
| 650 |
|
7 |
|a Business & Economics
|x International
|x General.
|2 bisacsh
|
| 650 |
|
7 |
|a Finance.
|2 bicssc
|
| 700 |
1 |
|
|a Sarat, Austin,
|e editor.
|
| 830 |
|
0 |
|a Studies in law, politics, and society ;
|v volume 81.
|x 1059-4337
|
| 856 |
4 |
0 |
|u https://www.emerald.com/insight/publication/doi/10.1108/S1059-4337201981
|z Full Text via HEAL-Link
|